000 00635nam a22002417a 4500
003 UA-OsUOA
001 20712
007 ta
008 20031103b un ||||| |||| 00| 0 ukr d
100 _aБулацький Г.В.
090 _a32:929
_bБ90
942 _cBK
040 _aUA-OsUOA
_brus
_cUA-OsUOA
_dUA-OsUOA
245 _aПантелеймон Миколайович Лепешинський
300 _a141 с.
955 _a0
041 _arus
080 _a32:929
260 _aКиїв
_bВидавництво політичної літератури
_c1983
044 _aRU
650 7 _2UDC
999 _c306893
_d306893